<?xml version="1.0" encoding="UTF-8"?>
<record
    xmlns:xsi="http://www.w3.org/2001/XMLSchema-instance"
    xsi:schemaLocation="http://www.loc.gov/MARC21/slim http://www.loc.gov/standards/marcxml/schema/MARC21slim.xsd"
    xmlns="http://www.loc.gov/MARC21/slim">

  <leader>00751nam a2200253 a 4500</leader>
  <controlfield tag="001">48155</controlfield>
  <controlfield tag="003">BD-RjUL</controlfield>
  <controlfield tag="005">20211209054453.0</controlfield>
  <controlfield tag="008">160812s1975    enk      b    000 0 eng  </controlfield>
  <datafield tag="020" ind1=" " ind2=" ">
    <subfield code="a">0710082533 :</subfield>
    <subfield code="c">&#xA3;3.60.</subfield>
    <subfield code="a">0710082541</subfield>
  </datafield>
  <datafield tag="035" ind1=" " ind2=" ">
    <subfield code="a">(BD-RjUL)48274</subfield>
  </datafield>
  <datafield tag="040" ind1=" " ind2=" ">
    <subfield code="a">DLC</subfield>
    <subfield code="c">DLC</subfield>
    <subfield code="d">DLC</subfield>
    <subfield code="d">BD-RjUL</subfield>
    <subfield code="b">eng</subfield>
  </datafield>
  <datafield tag="041" ind1=" " ind2=" ">
    <subfield code="a">eng</subfield>
  </datafield>
  <datafield tag="082" ind1="0" ind2="0">
    <subfield code="a">362.072041</subfield>
    <subfield code="2">23</subfield>
    <subfield code="b">LER 1975</subfield>
  </datafield>
  <datafield tag="100" ind1="1" ind2="1">
    <subfield code="a">Lees, Ray.</subfield>
    <subfield code="9">142558</subfield>
  </datafield>
  <datafield tag="245" ind1="1" ind2="1">
    <subfield code="a">Research strategies for social welfare  /</subfield>
    <subfield code="c">Ray Lees.</subfield>
  </datafield>
  <datafield tag="260" ind1=" " ind2=" ">
    <subfield code="a">London  :</subfield>
    <subfield code="b">Routledge &amp; Paul,</subfield>
    <subfield code="c">1975.</subfield>
  </datafield>
  <datafield tag="300" ind1=" " ind2=" ">
    <subfield code="a">vi, 105 p. ;</subfield>
    <subfield code="c">22 cm.</subfield>
  </datafield>
  <datafield tag="490" ind1="0" ind2=" ">
    <subfield code="a">Library of social work</subfield>
  </datafield>
  <datafield tag="504" ind1=" " ind2=" ">
    <subfield code="a">Bibliography: p. 102-105.</subfield>
  </datafield>
  <datafield tag="650" ind1=" " ind2="0">
    <subfield code="a">Social service</subfield>
    <subfield code="x">Research</subfield>
    <subfield code="z">Great Britain.</subfield>
    <subfield code="9">145901</subfield>
  </datafield>
  <datafield tag="942" ind1=" " ind2=" ">
    <subfield code="2">ddc</subfield>
    <subfield code="c">BK</subfield>
  </datafield>
  <datafield tag="999" ind1=" " ind2=" ">
    <subfield code="c">48155</subfield>
    <subfield code="d">48155</subfield>
  </datafield>
  <datafield tag="952" ind1=" " ind2=" ">
    <subfield code="0">0</subfield>
    <subfield code="1">0</subfield>
    <subfield code="2">ddc</subfield>
    <subfield code="4">0</subfield>
    <subfield code="7">0</subfield>
    <subfield code="8">NFIC</subfield>
    <subfield code="a">RUCL</subfield>
    <subfield code="b">RUCL</subfield>
    <subfield code="c">Stack</subfield>
    <subfield code="d">1979-07-26</subfield>
    <subfield code="e">Helfers</subfield>
    <subfield code="g">3.60</subfield>
    <subfield code="l">0</subfield>
    <subfield code="o">362.072041 LER 1975</subfield>
    <subfield code="r">2016-08-13 00:00:00</subfield>
    <subfield code="t">C-2</subfield>
    <subfield code="w">2016-08-13</subfield>
    <subfield code="y">BK</subfield>
  </datafield>
  <datafield tag="952" ind1=" " ind2=" ">
    <subfield code="0">0</subfield>
    <subfield code="1">0</subfield>
    <subfield code="2">ddc</subfield>
    <subfield code="4">0</subfield>
    <subfield code="7">0</subfield>
    <subfield code="8">NFIC</subfield>
    <subfield code="a">RUCL</subfield>
    <subfield code="b">RUCL</subfield>
    <subfield code="c">Stack</subfield>
    <subfield code="d">1979-07-26</subfield>
    <subfield code="e">Helfers</subfield>
    <subfield code="g">3.60</subfield>
    <subfield code="l">0</subfield>
    <subfield code="o">362.072041 LER 1975</subfield>
    <subfield code="r">2016-08-13 00:00:00</subfield>
    <subfield code="t">C-3</subfield>
    <subfield code="w">2016-08-13</subfield>
    <subfield code="y">BK</subfield>
  </datafield>
  <datafield tag="952" ind1=" " ind2=" ">
    <subfield code="0">0</subfield>
    <subfield code="1">0</subfield>
    <subfield code="2">ddc</subfield>
    <subfield code="4">0</subfield>
    <subfield code="7">0</subfield>
    <subfield code="8">NFIC</subfield>
    <subfield code="a">RUCL</subfield>
    <subfield code="b">RUCL</subfield>
    <subfield code="c">Stack</subfield>
    <subfield code="d">1979-07-26</subfield>
    <subfield code="e">Helfers</subfield>
    <subfield code="g">3.60</subfield>
    <subfield code="l">0</subfield>
    <subfield code="o">362.072041 LER 1975</subfield>
    <subfield code="r">2016-08-13 00:00:00</subfield>
    <subfield code="t">C-4</subfield>
    <subfield code="w">2016-08-13</subfield>
    <subfield code="y">BK</subfield>
  </datafield>
  <datafield tag="952" ind1=" " ind2=" ">
    <subfield code="0">0</subfield>
    <subfield code="1">0</subfield>
    <subfield code="2">ddc</subfield>
    <subfield code="4">0</subfield>
    <subfield code="7">0</subfield>
    <subfield code="8">NFIC</subfield>
    <subfield code="a">RUCL</subfield>
    <subfield code="b">RUCL</subfield>
    <subfield code="c">Stack</subfield>
    <subfield code="d">1979-07-26</subfield>
    <subfield code="e">Helfers</subfield>
    <subfield code="g">3.60</subfield>
    <subfield code="l">0</subfield>
    <subfield code="o">362.072041 LER 1975</subfield>
    <subfield code="r">2016-08-13 00:00:00</subfield>
    <subfield code="t">C-5</subfield>
    <subfield code="w">2016-08-13</subfield>
    <subfield code="y">BK</subfield>
  </datafield>
  <datafield tag="952" ind1=" " ind2=" ">
    <subfield code="0">0</subfield>
    <subfield code="1">0</subfield>
    <subfield code="2">ddc</subfield>
    <subfield code="4">0</subfield>
    <subfield code="7">0</subfield>
    <subfield code="8">NFIC</subfield>
    <subfield code="a">RUCL</subfield>
    <subfield code="b">RUCL</subfield>
    <subfield code="c">Stack</subfield>
    <subfield code="d">1979-07-26</subfield>
    <subfield code="e">Heffers</subfield>
    <subfield code="g">3.60</subfield>
    <subfield code="l">0</subfield>
    <subfield code="o">362.072041 LER 1975</subfield>
    <subfield code="r">2016-08-21 00:00:00</subfield>
    <subfield code="t">C-6</subfield>
    <subfield code="w">2016-08-21</subfield>
    <subfield code="y">BK</subfield>
  </datafield>
  <datafield tag="952" ind1=" " ind2=" ">
    <subfield code="0">0</subfield>
    <subfield code="1">0</subfield>
    <subfield code="2">ddc</subfield>
    <subfield code="4">0</subfield>
    <subfield code="7">0</subfield>
    <subfield code="8">NFIC</subfield>
    <subfield code="a">RUCL</subfield>
    <subfield code="b">RUCL</subfield>
    <subfield code="c">Stack</subfield>
    <subfield code="d">1979-07-26</subfield>
    <subfield code="e">Heffers</subfield>
    <subfield code="g">3.60</subfield>
    <subfield code="l">0</subfield>
    <subfield code="o">362.072041 LER 1975</subfield>
    <subfield code="r">2016-08-21 00:00:00</subfield>
    <subfield code="t">C-7</subfield>
    <subfield code="w">2016-08-21</subfield>
    <subfield code="y">BK</subfield>
  </datafield>
</record>
